5HLuxD.jpg

KING HENRY VIII SENIOR AND PRIMARY SCHOOL LIBRARY OPAC

Tales from a not-so-smart Miss Know-It-All / (Record no. 2047)

000 -LEADER
fixed length control field 01115cam a2200313 a 4500
001 - CONTROL NUMBER
control field (Sirsi) a821175
003 - CONTROL NUMBER IDENTIFIER
control field OSt
005 - DATE AND TIME OF LATEST TRANSACTION
control field 20230302173923.0
008 - FIXED-LENGTH DATA ELEMENTS--GENERAL INFORMATION
fixed length control field 140521s2012 nyua c 000 1 eng d
020 ## - INTERNATIONAL STANDARD BOOK NUMBER
International Standard Book Number 9781442449619 (hard) :
040 ## - CATALOGING SOURCE
Original cataloging agency DLC
Language of cataloging eng
Transcribing agency DLC
Modifying agency DLC
-- TAE
-- KH8
042 ## - AUTHENTICATION CODE
Authentication code nbic
082 0# - DEWEY DECIMAL CLASSIFICATION NUMBER
Classification number FIC RUS
100 1# - MAIN ENTRY--PERSONAL NAME
Personal name Russell, Rachel Renée.
Relator term author
245 10 - TITLE STATEMENT
Title Tales from a not-so-smart Miss Know-It-All /
Statement of responsibility, etc. by Rachel Renée Russell.
250 ## - EDITION STATEMENT
Edition statement 1st Aladdin hardcover ed.
260 ## - PUBLICATION, DISTRIBUTION, ETC.
Place of publication, distribution, etc. New York :
Name of publisher, distributor, etc. Aladdin,
Date of publication, distribution, etc. 2012.
300 ## - PHYSICAL DESCRIPTION
Extent 321 p. :
Other physical details ill. ;
Dimensions 21 cm.
490 1# - SERIES STATEMENT
Series statement Dork diaries ;
Volume/sequential designation 5.
520 ## - SUMMARY, ETC.
Summary, etc. When Miss Know-It-All's inbox overflows with pleas for guidance, Nikki Maxwell, the school newspaper advice columnist, turns to her best friends for help.
521 1# - TARGET AUDIENCE NOTE
Target audience note 9-12.
650 #0 - SUBJECT ADDED ENTRY--TOPICAL TERM
Topical term or geographic name entry element Advice columns
Form subdivision Juvenile fiction.
650 #0 - SUBJECT ADDED ENTRY--TOPICAL TERM
Topical term or geographic name entry element Newspapers
Form subdivision Juvenile fiction.
650 #0 - SUBJECT ADDED ENTRY--TOPICAL TERM
Topical term or geographic name entry element Middle schools
Form subdivision Juvenile fiction.
650 #0 - SUBJECT ADDED ENTRY--TOPICAL TERM
Topical term or geographic name entry element Schools
Form subdivision Juvenile fiction.
650 #0 - SUBJECT ADDED ENTRY--TOPICAL TERM
Topical term or geographic name entry element Diaries
Form subdivision Juvenile fiction.
800 1# - SERIES ADDED ENTRY--PERSONAL NAME
Personal name Russell, Rachel Renee.
Title of a work Dork diaries ;
Volume/sequential designation 5.
942 ## - ADDED ENTRY ELEMENTS (KOHA)
Source of classification or shelving scheme
Koha item type Books - Fiction
Holdings
Withdrawn status Lost status Source of classification or shelving scheme Damaged status Not for loan Collection code Permanent Location Current Location Shelving location Date acquired Total Checkouts Full call number Barcode Date last seen Date last checked out Price effective from Koha item type Total Renewals Public note
          Fiction KH8 Primary School Library KH8 Primary School Library Fiction 2023-03-02 8 FIC RUS KHPL000003770 2025-12-05 2025-10-08 2023-03-02 Books - Fiction    
          Fiction KH8 Primary School Library KH8 Primary School Library Fiction 2023-03-02 10 FIC RUS KHPL000004325 2025-12-05 2024-11-28 2023-03-02 Books - Fiction    
          Fiction KH8 Primary School Library KH8 Primary School Library Fiction 2023-03-02 17 FIC RUS KHPL000004326 2026-03-09 2026-01-23 2023-03-02 Books - Fiction 1  
          Fiction KH8 Primary School Library KH8 Primary School Library Fiction 2023-03-02 2 FIC RUS KHPL000006412 2025-12-05 2025-11-05 2023-03-02 Books - Fiction   KH8 PRIMARY LIBRARY

Powered By KH8 IT Dept